| 000 | 00827nam a2200265 i 4500 | ||
|---|---|---|---|
| 003 | DO-SdBNP | ||
| 005 | 20241016145118.0 | ||
| 007 | ta | ||
| 008 | 241016b2019 xxu||||| |||| 00| 0 spa d | ||
| 020 | _a9781786651785 | ||
| 040 |
_aDO-SdBNP _bspa _cBNPHU _erda |
||
| 082 | 4 |
_axxx _bF513e _222 |
|
| 100 | 1 |
_aFinley, Mark, _eautor _4aut. _986711 |
|
| 245 | 1 | 0 |
_aEsperanza en medio del caos / _cMark Finley ; traducción, Juan Fernando Sánchez |
| 250 | _aPrimera edición | ||
| 264 | 4 |
_aDoral, Florida : _bEditora IADPA, _c2019. |
|
| 300 |
_a126 páginas ; _c17 cm. |
||
| 336 |
_atexto _btxt _2rdacontent |
||
| 337 |
_asin mediación _bn _2rdamedia |
||
| 338 |
_avolumen _bnc _2rdacarrier |
||
| 590 | _aInventariado, 2024/BT | ||
| 700 | 1 |
_aSánchez, Juan Fernando, _etraductor _4tr _986712 |
|
| 910 | _aBtavárez | ||
| 942 |
_2ddc _cLBS1 |
||
| 999 |
_c57882 _d57882 |
||